Gaming Quiz

Random Gaming or Pokémon Quiz

Name the OU Sun & Moon Pokemon Quiz Stats

 Plays Quiz not verified by Sporcle

Challenge
Share
Tweet
Embed
Score 0/52 Timer 18:00
0 Plays Today
Original Game Pokemon % Correct
S/MBuzzwole
93.1%
S/MCelesteela
91.4%
R/BCharizard-Mega X
89.7%
R/BCharizard-Mega Y
89.7%
S/MTapu Fini
87.9%
S/MTapu Koko
87.9%
D/PGarchomp
86.2%
S/MTapu Bulu
86.2%
S/MTapu Lele
86.2%
X/YZygarde
86.2%
R/BAlakazam-Mega
84.5%
D/PHeatran
84.5%
S/MKartana
84.5%
S/MToxapex
84.5%
D/PGarchomp-Mega
82.8%
S/MMimikyu
82.8%
G/SSkarmory
82.8%
G/STyranitar
82.8%
R/BVenusaur-Mega
82.8%
B/WVolcarona
82.8%
B/WExcadrill
81%
B/WFerrothorn
81%
X/YGreninja
81%
R/BGyarados-Mega
81%
R/SLatios
81%
D/PMagnezone
81%
Original Game Pokemon % Correct
D/PMamoswine
81%
S/MNihilego
81%
R/SSalamence
81%
G/SScizor-Mega
81%
R/BZapdos
81%
R/BBeedrill-Mega
79.3%
R/SMetagross-Mega
79.3%
R/BChansey
77.6%
X/YGreninja-Ash
77.6%
R/SMawile-Mega
77.6%
R/SSableye-Mega
77.6%
R/BDugtrio
74.1%
R/SPelipper
74.1%
B/WLandorus-Therian
72.4%
S/MMarowak-Alola
72.4%
B/WScolipede
70.7%
X/YHoopa-Unbound
69%
S/MMagearna
69%
S/MXurkitree
69%
R/BPinsir-Mega
67.2%
S/MMuk-Alola
65.5%
D/PRotom-Wash
65.5%
R/SJirachi
63.8%
D/PTangrowth
56.9%
D/PManaphy
48.3%
S/MPhermosa
29.3%

You're not logged in!

Compare scores with friends on all Sporcle quizzes.
Join for Free
OR
Log In

You Might Also Like...

Show Comments

Extras

Created Apr 1, 2017ReportNominate
Tags:Pokémon Quiz, Moon, sun, Sun Moon

Top Quizzes Today


Score Distribution

Your Account Isn't Verified!

In order to create a playlist on Sporcle, you need to verify the email address you used during registration. Go to your Sporcle Settings to finish the process.

Report this User

Report this user for behavior that violates our Community Guidelines.

Details: